Loading...

The secret doctrine: the synthesis of science, religion and philosophy

Bibliografiske detaljer
Main Authors: Besant, Annie; Editor, Blavatsky, H P; Author
Format: Printed Book
Udgivet: New Delhi, Cambridge University Press 2011
Serier:3
Fag:
LEADER 006320000a22001930004500
020 |a 978-1-108-07324-0 
082 |a 210.1 Q1.3 
100 |a Besant, Annie; Editor 
100 |a Blavatsky, H P; Author 
245 |a The secret doctrine: the synthesis of science, religion and philosophy 
260 |a New Delhi, Cambridge University Press 
260 |c 2011 
460 |a xx, 594p 
490 |a 3 
500 |a H P Blavatsky; ed by Annie Besant 
650 |a Theosophy 
942 |c BK 
999 |c 48375  |d 48375 
952 |0 0  |1 0  |4 0  |6 210_100000000000000_Q1_3  |7 0  |8 ENG  |9 49107  |a MGUL  |b MGUL  |d 2013-07-16  |l 0  |o 210.1 Q1.3  |p 46464  |r 2013-07-16  |w 2013-07-16  |y BK